000 00687nam a22002297a 4500
999 _c9285
_d9285
001 9285
003 BD-JhCC
005 20180312165501.0
008 180215r2004 bg |||| |||| 000 0 ben d
020 _a9844017874
035 _a(BD-JhCC) 9285
040 _aBD-JhCC
_dBD-JhCC
041 _aben
082 _a491.44
_bSHI 2004
100 _aসিকদার, প্রবীর
245 _aবর্ণমালায় বাংলাদেশ /
_cপ্রবীর সিকদার
260 _aঢাকা :
_bআগামী প্রকাশনী,
_c2004.
300 _a32 p. :
_c22 cm.
650 _aBengali Language
_xGrammar
942 _2ddc
_cBK